00728nam a22001937a 450000500170000001000190001702000480003602000470008403500180013103700130014908200100016224501510017226000450032327000610036830000500042970000200047970000170049970000180051620170906162735.0 aENG-119522-523 c1668.00(set of vols)a9780199465156 (vol-1) c1668.00(set of vols)a9780199465163(vol-2) aEN-103054-055 bDBAD/PUB a872.3 aThe oxford India anthology of modern Malayalam literature :cedited by P.P. Raveendra [and] G.S. Jaysree ; project editor Mini Krishnanbfiction/ aNew DelhibOxford University Pressc2017 aYMCA Library Building-1 Jaisingh roadbNew Delhie110001 a2-vols-(xxviii,515p. ; xxvi,432p.)c20cm(pbk) a P.P. Raveendra aG.S. Jaysree aMini Krishnan